| 000 | 00733nam a2200193 i 4500 | ||
|---|---|---|---|
| 001 | 162419 | ||
| 003 | ES-MaACL | ||
| 005 | 20230906212524.0 | ||
| 008 | 041115s1856 fr |||| | fre d | ||
| 040 |
_aCAM _bspa _cCAM |
||
| 100 | 1 |
_aPonsard, François. _993035 |
|
| 245 | 1 | 3 |
_aLa bourse _b: comédie en cinq actes en vers / _cpar François Ponsard. |
| 250 | _a2e éd. | ||
| 260 |
_aParis : _bMichel Lévy Frères, éditeurs, _c1856 ( _fImprimerie de J. Claye) |
||
| 300 |
_a143 p. ; _c18 cm. |
||
| 500 | _aComédie représentée pour la première fois, à Paris, sur le second Théatre Français, le 6 mai 1856. | ||
| 852 |
_aES-MaACL _jF-8809(1) _z-- Enc. hol. _q-- Falto de la cub. original |
||
| 852 |
_aES-MaACL _jT-734-F-6 |
||
| 999 |
_c162419 _d162419 |
||